Vplyv organizácie mechanizačných prostriedkov na výtvaranie výrobno-organizačných a riadiacich útvarov v RV v JRD Sobotište záverečná práca postgraduálneho štúdia

Salvato in:
Dettagli Bibliografici
Autore principale: Prítula, Peter
Ente Autore: Vysoká škola ekonomická v Bratislave
Altri autori: Grznár, Miroslav
Natura: Libro
Lingua:slovacco
Pubblicazione: Bratislava 1987
Tags: Aggiungi Tag
Nessun Tag, puoi essere il primo ad aggiungerne!!

MARC

LEADER 00000nam a2200000 4500
001 c037037
005 20260108080310.6
041 0 |a slo 
044 |a SK 
245 1 0 |a Vplyv organizácie mechanizačných prostriedkov na výtvaranie výrobno-organizačných a riadiacich útvarov v RV v JRD Sobotište  |b záverečná práca postgraduálneho štúdia  |c Peter Prítula ; Ved. práce Miroslav Grznár 
264 1 |a Bratislava  |c 1987 
300 |a 42 s. 
100 1 |a Prítula, Peter 
700 1 |a Grznár, Miroslav 
710 2 |a Vysoká škola ekonomická v Bratislave